|
003 -Nazwa inst., której nr kontr. jest w polu 001 [,]
|
-
- @
- Nazwa instytucji, której n kontrolny jest w polu 001
- NUKAT
|
|
005 -DATA I CZAS OSTATNIEJ MODYFIKACJI [,]
|
-
- @
- pole kontrolne
- 20241231091616.0
|
|
020 -Międzynarod. znormalizowany nr książki - ISBN [ , ]
|
-
- a
- Numer ISBN
- 9780521480987
-
|
|
020 -Międzynarod. znormalizowany nr książki - ISBN [ , ]
|
-
- a
- Numer ISBN
- 9780521142670
-
- q
- Dopowiedzenie
- paperback
|
|
040 -Instytucja sporządzająca opis [ , ]
|
-
- a
- Instytucja, która sporządziła opis (NP)
- SZCZ U/KP
-
- c
- Instytucja, która sporządziła rekord (NP)
- SZCZ U/KP
-
- d
- Instytucja, która zmodyfikowała rekord (P)
- SZCZ U/AP
-
- d
- Instytucja, która zmodyfikowała rekord (P)
- SZCZ U/JS
|
|
942 -Rodzaj dokumentu [ , ]
|
-
- c
- Rodzaj dokumentu
- Książka
|
|
080 -Uniwersalna Klasyfikacja Dziesiętna [ , ]
|
-
- 2
- Identyfikator wydania tablic
- UDC-P058
-
-
- a
- Symbol klasyfikacji
- 323.14
-
- b
- Dopowiedzenie
- Szowinizm narodowy. Nacjonalizm. Faszyzm. Neofaszyzm. Hitleryzm.
-
-
-
- c
- Dopowiedzenie poddz. wspólnego
- =Język angielski.
-
-
-
- c
- Dopowiedzenie poddz. wspólnego
- (Wydawnictwa odnoszące się do konferencji, zjazdów itd. Sprawozdania z konferencji).
|
|
080 -Uniwersalna Klasyfikacja Dziesiętna [ , ]
|
-
- 2
- Identyfikator wydania tablic
- UDC-P058
-
-
- a
- Symbol klasyfikacji
- 172.1
-
- b
- Dopowiedzenie
- Jednostka a państwo. Etyka obywatelska. Obowiązki obywatelskie. Cnoty obywatelskie. Patriotyzm. Nacjonalizm. Kosmopolityzm. Humanitaryzm.
-
-
-
- c
- Dopowiedzenie poddz. wspólnego
- =Język angielski.
-
-
-
- c
- Dopowiedzenie poddz. wspólnego
- (Wydawnictwa odnoszące się do konferencji, zjazdów itd. Sprawozdania z konferencji).
|
|
080 -Uniwersalna Klasyfikacja Dziesiętna [ , ]
|
-
- 2
- Identyfikator wydania tablic
- UDC-P058
-
-
- a
- Symbol klasyfikacji
- 339.98
-
- b
- Dopowiedzenie
- Sprzeczności gospodarcze. Nacjonalizm gospodarczy. Wojna gospodarcza.
-
-
-
- c
- Dopowiedzenie poddz. wspólnego
- =Język angielski.
-
-
-
- c
- Dopowiedzenie poddz. wspólnego
- (Wydawnictwa odnoszące się do konferencji, zjazdów itd. Sprawozdania z konferencji).
|
|
980 -Symbol UKD [ , ]
|
-
- a
- UKD
- 323.14:172.1:339.98](061)=111
|
|
700 -Hasło dodatkowe - nazwa osobowa [1, ]
|
-
- a
- Nazwa osobowa (NP)
- Breton, Albert
-
- d
- Daty biograficzne (NP)
- (1929- ).
-
- e
- Określenie rodzaju współpracy
- Red.
-
|
|
700 -Hasło dodatkowe - nazwa osobowa [1, ]
|
-
- a
- Nazwa osobowa (NP)
- Galeotti, Gianluigi.
-
- e
- Określenie rodzaju współpracy
- Red.
-
|
|
700 -Hasło dodatkowe - nazwa osobowa [1, ]
|
-
- a
- Nazwa osobowa (NP)
- Salmon, Pierre
-
- c
- Dopowiedzenie inne niż daty biograficzne (NP)
- (ekonomia).
-
- e
- Określenie rodzaju współpracy
- Red.
-
|
|
700 -Hasło dodatkowe - nazwa osobowa [1, ]
|
-
- a
- Nazwa osobowa (NP)
- Wintrobe, Ronald
-
- d
- Daty biograficzne (NP)
- (1944- ).
-
- e
- Określenie rodzaju współpracy
- Red.
-
|
|
710 -Hasło dodatkowe - nazwa ciała zbiorowego [2, ]
|
-
- a
- Nazwa ciała zbiorowego lub nazwa geograficzna jako pierwszy element (NP)
- Cambridge University Press.
-
-
|
|
711 -Hasło dodatkowe - nazwa imprezy [2, ]
|
-
- a
- Nazwa imprezy (NP)
- Villa Colombella Seminar
-
-
- d
- Data imprezy (NP)
- 1992 ;
-
- c
- Miejsce imprezy (NP)
- Colombella).
-
|